| 000 | 00517nam a2200157 a 4500 | ||
|---|---|---|---|
| 008 | 940722s1953 pauac 000 0 eng d | ||
| 100 | _aNational Philatelic Museum | ||
| 245 | 0 | 0 | _aPhilosophy of collecting. |
| 260 |
_aPhiladelphia, Pa. : _bNational Philatelic Museum, _c[1953?] |
||
| 490 | 0 |
_aNational Philatelic Museum ; _vv. 5, no. 1 |
|
| 500 | _aCover title. | ||
| 500 | _aErrata inserted. | ||
| 650 | 0 |
_aStamp collecting _zUnited States |
|
| 650 | 0 |
_aStamp collectors _zUnited States. |
|
| 999 |
_c2115 _d2115 |
||